| 000 | 00347nam a22001577a 4500 | ||
|---|---|---|---|
| 003 | SGT | ||
| 020 | _a978-93-5270-241-1 | ||
| 082 |
_a615 _bP18B |
||
| 100 | _aBADYAL, DINESH | ||
| 245 | _aPRACTICAL MANUAL OF PHARMACOLOGY | ||
| 250 | _a2ND | ||
| 260 |
_aNEW DELHI _bJAYPEE PUB _c2018 |
||
| 300 | _a278 | ||
| 650 | _aPHARMACY | ||
| 942 |
_2ddc _cBK _05 |
||
| 999 |
_c20507 _d20507 |
||